Favorit jasne dominoval MBK Veszprém - Tatran Prešov 42:25 (22:12)

Bibliographic Details
Format: Article
Language:Slovak
ISSN:1336-4030
Subjects:
Online Access:www.vecernik.po.sk

MARC

LEADER 00000nab a2200000 a 4500
001 vtls008426817
003 SK-MaSNL
005 20260303065943.0
008 060130c20051107xo dr n 000 00slo
038 |a SVKPOCL 
040 |a SVKPOCL  |b slo  |c AACR2  |e AACR2 
041 |a slo 
044 |a xo  |c SK 
080 |a 796.322.093.1  |2 1997 
245 0 0 |a Favorit jasne dominoval  |b MBK Veszprém - Tatran Prešov 42:25 (22:12)  |c [autor] (ms) 
610 2 7 |a ŠK Farmakol Tatran Prešov (Prešov, Slovensko)  |2 svkpocl  |9 1059157 
648 7 |a sezóna 2005/2006  |2 svkpocl  |9 1033192 
650 0 7 |a hádzaná  |2 svkpocl  |9 3292 
650 0 7 |a muži  |2 svkpocl  |9 4888 
650 0 7 |a Liga majstrov  |2 svkpocl  |9 884837 
651 7 |a Prešov (Slovensko)  |2 svkpocl  |9 17347 
773 0 |t Prešovský večerník  |g Roč. XVI, č. 3831 (7.11.2005)  |x 1336-4030 
773 0 8 |i Príl.:  |t Šport Extra  |g Č. 45 (7. novembra 2005), s. 9 
852 |a SVKPO  |b KIS3GCP 
856 4 1 |u www.vecernik.po.sk 
999 |c 1753395  |d 1755325